000 00735nam a22002177a 4500
005 20120608150337.0
008 120608t xxu||||| |||| 00| 0 eng d
010 _aENG-105455
020 _a9788128839016
_c100.00
035 _aEN-88988
037 _bDBAD/PUB
040 _aDPL
_bEng
082 _aN
100 _aPankaj Singh
_948622
245 _aA bit of love & a small revolution /
_cby Pankaj Singh
260 _aNew Delhi
_bDiamond Pocket Books
_c2012
270 _aX-30, Okhla Industrial Area, Phase-II
_bNew Delhi
_e110020
300 _a197p.
_c22cm(pbk)
942 _2ddc
_cEN
_hN
_mPAN
999 _c67730
_d67730